| 000 | 00500nam a2200157Ia 4500 | ||
|---|---|---|---|
| 008 | 151213s9999 xx 000 0 und d | ||
| 020 | _a984-412-626-6 | ||
| 100 | _aহাশেম খান। | ||
| 245 |
_aনিরাবরণ কন্যার গল্প অল্প। _cহাশেম খান। |
||
| 260 |
_aঢাকা _bঅনন্যা _c2007 |
||
| 300 | _a8424 p. | ||
| 650 | _aBangla | ||
| 650 | _aBengali Literature | ||
| 700 | _aহাশেম খান। | ||
| 999 |
_c4262 _d4262 |
||